Los pintores de la expedición de Alejandro Malaspina / (Record no. 145159)

MARC details
000 -LEADER
campo de control de longitud fija 01357nam a2200349 i 4500
001 - NÚMERO DE CONTROL
campo de control 145159
003 - IDENTIFICADOR DE NÚMERO DE CONTROL
campo de control ES-MaACL
005 - FECHA Y HORA DE LA ÚLTIMA TRANSACCIÓN
campo de control 20250829111214.0
007 - CAMPO FIJO DE DESCRIPCIÓN FÍSICA--INFORMACIÓN GENERAL
campo de control de longitud fija t|
008 - DATOS DE LONGITUD FIJA--INFORMACIÓN GENERAL
campo de control de longitud fija 070214s1982 sp r ||||1| spa d
020 ## - NÚMERO INTERNACIONAL ESTÁNDAR DEL LIBRO
Número Internacional Estándar del Libro 84-600-2830-5
080 ## - NÚMERO DE LA CLASIFICACIÓN DECIMAL UNIVERSAL
Número de la Clasificación Decimal Universal 929(460)"17":75
080 ## - NÚMERO DE LA CLASIFICACIÓN DECIMAL UNIVERSAL
Número de la Clasificación Decimal Universal 75(460)"17"
080 ## - NÚMERO DE LA CLASIFICACIÓN DECIMAL UNIVERSAL
Número de la Clasificación Decimal Universal 910.4(8.03) Alejandro Malaspina
080 ## - NÚMERO DE LA CLASIFICACIÓN DECIMAL UNIVERSAL
Número de la Clasificación Decimal Universal 980.3"17"(093.32)
100 1# - ENTRADA PRINCIPAL--NOMBRE DE PERSONA
Nombre de persona Sotos Serrano, Carmen.
9 (RLIN) 107548
245 14 - MENCIÓN DEL TÍTULO
Título Los pintores de la expedición de Alejandro Malaspina /
Mención de responsabilidad, etc. Carmen Sotos Serrano.
260 ## - PUBLICACIÓN, DISTRIBUCIÓN, ETC.
Lugar de publicación, distribución, etc. Madrid :
Nombre del editor, distribuidor, etc. Real Academia de la Historia,
Fecha de publicación, distribución, etc. 1982.
300 ## - DESCRIPCIÓN FÍSICA
Extensión 2 v. :
Otras características físicas il. col. y n., mapas ;
Dimensiones 30 cm.
490 1# - MENCIÓN DE SERIE
Mención de serie Conmemoración del V centenario del descubrimiento de América ;
Designación de volumen o secuencia 5
504 ## - NOTA DE BIBLIOGRAFÍA, ETC.
Nota de bibliografía, etc. Bibliografía: v. 1, p. [281]-286.
594 ## - Nota al título y mención de responsabilidad
Nota al título y mención de responsabilidad Documentos: v. 1, p. 173-274
594 ## - Nota al título y mención de responsabilidad
Nota al título y mención de responsabilidad Láminas: v. 2
611 24 - PUNTO DE ACCESO ADICIONAL DE MATERIA--NOMBRE DE REUNIÓN/CONGRESO
Nombre de congreso/reunión o jurisdicción como elemento de entrada Expedición Malaspina
Fecha del congreso o de la firma del tratado (1789-1794)
9 (RLIN) 644
650 #4 - PUNTO DE ACCESO ADICIONAL DE MATERIA--TÉRMINO DE MATERIA
Término de materia o nombre geográfico como elemento de entrada Pintura española-
Subdivisión cronológica S.XVIII.
9 (RLIN) 159436
651 #4 - PUNTO DE ACCESO ADICIONAL DE MATERIA--NOMBRE GEOGRÁFICO
Nombre geográfico América-
Subdivisión general Descubrimientos y exploraciones-
-- Españoles.
9 (RLIN) 138324
651 #4 - PUNTO DE ACCESO ADICIONAL DE MATERIA--NOMBRE GEOGRÁFICO
Nombre geográfico Oceanía-
Subdivisión general Descubrimientos y exploraciones-
-- Españoles.
9 (RLIN) 151887
710 2# - ENTRADA AGREGADA--NOMBRE DE ENTIDAD CORPORATIVA
Nombre de entidad corporativa o nombre de jurisdicción como elemento de entrada Real Academia de la Historia (España)
9 (RLIN) 6309
830 10 - PUNTO DE ACCESO ADICIONAL DE SERIE-TÍTULO UNIFORME
Título uniforme Conmemoración del V Centenario del Descubrimiento de América, 1492-1992
Designación de volumen o secuencia 5
9 (RLIN) 178045
852 4# - LOCALIZACIÓN
Ubicación ES-MaACL
Número de control de estantería L-3596-97
Holdings
Estatus retirado Estado de pérdida Estado de daño No para préstamo Biblioteca de origen Biblioteca actual Ubicación en estantería Fecha de adquisición Fuente de adquisición Total de préstamos Signatura topográfica completa Código de barras Visto por última vez Precio de reemplazo Tipo de ítem Koha
        Biblioteca del Ateneo de Madrid Biblioteca del Ateneo de Madrid Depósito 2 17/01/2008     L-3596-97 1151524 23/02/2023 23/02/2023 Libro impreso